[Event "Natal Magistral 4th C"]
[Site "Natal"]
[Date "2007.04.30"]
[Round "6.4"]
[White "Ribeiro, Guilherme Wanderley"]
[Black "Leal Assuncao, Matheus"]
[Result "1-0"]
[WhiteElo "1712"]
[BlackElo "1753"]
[PlyCount "57"]
[EventDate "2007.04.27"]
[EventType "tourn"]
[EventRounds "11"]
[EventCountry "BRA"]
[SourceTitle "EXT 2022"]
[Source "ChessBase"]
[SourceDate "2021.10.06"]
[SourceVersion "1"]
[SourceVersionDate "2021.10.06"]
[SourceQuality "1"]

1. d4 Nf6 2. Nf3 d5 3. Bf4 e6 4. e3 Bd6 5. Bg5 h6 6. Bh4 Nbd7 7. Bd3 e5 8. dxe5 Nxe5 9. Nxe5 Bxe5 10. c3 0-0 11. 0-0 c5 12. Re1 b6 13. Bc2 Ba6 14. Nd2 Qc7 15. Kh1 Qc6 16. e4 d4 17. cxd4 Bxd4 18. Rb1 Rfe8 19. e5 Rxe5 20. Rxe5 Bxe5 21. Qe1 Bb7 22. f3 Qc7 23. Ne4 Nxe4 24. Bxe4 Bxe4 25. Qxe4 Rd8 26. Bxd8 Qxd8 27. Qxe5 Qd3 28. Qe8+ Kh7 29. Qe4+ 1-0

[Event "Natal Magistral 4th C"]
[Site "Natal"]
[Date "2007.04.29"]
[Round "3.2"]
[White "Rodrigues, Flavio Leite"]
[Black "Ribeiro, Guilherme Wanderley"]
[Result "1-0"]
[WhiteElo "1837"]
[BlackElo "1712"]
[PlyCount "83"]
[EventDate "2007.04.27"]
[EventType "tourn"]
[EventRounds "11"]
[EventCountry "BRA"]
[SourceTitle "EXT 2022"]
[Source "ChessBase"]
[SourceDate "2021.10.06"]
[SourceVersion "1"]
[SourceVersionDate "2021.10.06"]
[SourceQuality "1"]

1. e4 c5 2. Nf3 Nc6 3. d3 d6 4. g3 Bg4 5. Nbd2 Nf6 6. Bg2 Qd7 7. h3 Bh5 8. c3 e6 9. Qc2 h6 10. a4 a5 11. g4 Bg6 12. Nc4 Qc7 13. Bf4 Nd7 14. 0-0 Be7 15. Rfe1 f6 16. Rad1 e5 17. Bg3 Bf7 18. Nh4 b6 19. Nf5 g6 20. Nxe7 Kxe7 21. f4 h5 22. g5 fxg5 23. fxg5 Be6 24. Ne3 Rhf8 25. Nd5+ Bxd5 26. exd5 Ncb8 27. d4 cxd4 28. Qxg6 dxc3 29. Rc1 Na6 30. Rxc3 Nac5 31. Qxh5 Rh8 32. Qg4 Raf8 33. h4 Qa7 34. Kh2 Rhg8 35. h5 Kd8 36. Qh4 Nb8 37. g6+ Qe7 38. Qxe7+ Kxe7 39. Bh4+ Ke8 40. Rf1 Rxf1 41. Bxf1 Rf8 42. Bb5+ 1-0